banner-ar

دليل ترميم الاثار للاثاريين : (Record no. 64630)

MARC details
000 -الفاتح
حقل البيانات ثابتة الطول 01122nam a22002417a 4500
005 - وقت وتاريخ اخر تعامل مع التسجيلة
رقم الضبط 20240530110741.0
008 - عناصر البيانات ثابتة الطول - معلومات عامة
حقل البيانات ثابتة الطول 180923s2012 su a f b 000 0 ara d
017 ## - رقم الايداع القانونى
المصدر ( الهيئة المختصة) السعودية . مكتبة الملك فهد الوطنية
رقم الايداع القانونى 1433/5172
020 ## - الرقم الدولى المعيارى للكتب
الرقم الدولى المعيارى للكتاب 9786035070263
040 ## - مصدر الفهرسة
وكالة الفهرسة الأصلية EG-CaGPL
وكالة النسخ EG-CaGPL
082 04 - رقم تصنيف ديوى العشرى
رقم الطبعة 21
رقم التصنيف 930.1028\
رقم المادة ر د
100 1# - المدخل الرئيسى - إسم شخصى
الإسم الشخصى روجرز . ، برادلى أ.
245 10 - بيان العنوان
العنوان دليل ترميم الاثار للاثاريين :
بقية العنوان المرشد للمواد غير السامة والحد الادنى من التدخل لتثبيت المقتنيات الاثرية /
بيان المسئوليه,etc تأليف برادلى أ. روجرز ؛ ترجمة عبدالناصر بن عبدالرحمن الزهرانى
250 ## - بيان الطبعة
بيان الطبعة ط.1
260 ## - PUBLICATION, DISTRIBUTION, ETC. (IMPRINT)
تاريخ النشر أو التوزيع 2012 .
300 ## - الوصف المادى
التعداد 398 ص. :
تفاصيل ماديه اخرى للوعاء ايض ؛
أبعاد الوعاء 24 سم.
504 ## - تبصرة ببليوجرافية
تبصرة ببليوجرافية,الخ يشتمل على ارجاعات ببليوجرافية
650 07 - المدخل الاضافى بالموضوع-مصطلح موضوعى
مصطلح موضوعي الاثار
مصدر الرأس أو المصطلح qrmak
التقسيم الفرعي العام صيانة
651 ## - المدخل الاضافى بالموضوع - اسم جغرافى
مصدر الرأس أو المصطلح qrmak
700 0# - المدخل الاضافى - اسم شخصى
الإسم الشخصى عبدالناصر بن عبدالرحمن الزهرانى
الدور مترجم
942 ## - عناصر المدخل الإضافي( كوها)
مصدر التصنيف او مخطط الترفيف Dewey Decimal Classification
Koha [default] item type كتاب
260 ## - PUBLICATION, DISTRIBUTION, ETC. (IMPRINT)
-- الرياض :
Holdings
حالة التراجع حالة الفقد حالة تلف ليس للاعارة المكان المؤقت الموقع الحالى موقع الترفيف تاريخ الاكتساب اجمالي اﻻعارات رقم الطلب الباركود تاريخ اخر مشاهدة تاريخ تفعيل السعر نوع وعاء كوها
        مكتبة القاهرة الكبرى مكتبة القاهرة الكبرى القاعة الرئيسية 09/26/2018   930.1028\ ر د 165077 09/26/2018 09/26/2018 كتاب

Powered By

EGPV